000 00836nam a2200241 a 4500
001 000044071
005 20240530073936.0
008 140515s2014 dr 000 0 spa d
020 _a9789945583854
040 _aDO-SdBNP
_bspa
_cBNPHU
082 _aRD864.5
_bM375e
100 1 _aMarte, Silvia
_972062
245 1 0 _aEsperando la primavera :
_bensayo sobre la soltería /
_cSilvia Marte ; prólogo Pedro Camilo.
260 _aSanto Domingo :
_bSantuario,
_c2014.
300 _a90 p. ;
_c23 cm.
500 _aIncluye datos biográficos en la solapa de la cubierta
504 _aBibliografías: p. 89-90
650 0 _aEnsayos dominicanos
_965
650 0 _aLiteratura dominicana.
_967
650 4 _aSolteros
_xEnsayos, conferencias, etc.
_972063
700 1 2 _aCamilo, Pedro,
_epról.
_97754
910 _aValidado. Control de calidad MFF
999 _c43560
_d43560